| 000 | 00949nam a2200325 a 4500 | ||
|---|---|---|---|
| 003 | AR-BaBNM | ||
| 005 | 20251128204035.0 | ||
| 008 | 082120s2002 ||||||||||||||000 | spa|| | ||
| 040 | _cAR-BaBNM | ||
| 110 | 2 | _aUniversidad de Buenos Aires | |
| 245 | 0 | 0 |
_aLa arquitectura en Buenos Aires _b1850-1880 |
| 250 | _a2ª ed. | ||
| 260 |
_aBuenos Aires _bMunicipalidad de la Ciudad de Buenos Aires _c1972 |
||
| 300 |
_a150 p. _bil., mapas |
||
| 490 | 0 |
_aCuadernos de Buenos Aires _vv. 41 |
|
| 500 | _aContiene índice de ilustraciones en p. 145 | ||
| 650 | 4 | _aHISTORIA ARGENTINA | |
| 650 | 4 | _aSIGLO DIECINUEVE | |
| 650 | 4 | _aHISTORIA DE BUENOS AIRES | |
| 650 | 4 | _aHISTORIA DE LA ARQUITECTURA | |
| 650 | 4 | _aURBANISMO | |
| 650 | 4 | _aMONUMENTOS HISTORICOS | |
| 650 | 4 | _aEDIFICIOS | |
| 650 | 4 | _aARQUITECTURA | |
| 650 | 4 | _aPARQUES PUBLICOS | |
| 650 | 4 | _aBARRIOS | |
| 651 | 4 | _aBuenos Aires [Capital Federal] | |
| 942 | _cBK | ||
| 998 | _cMARTIN | ||
| 999 |
_c5916 _d5916 |
||